Pidato sambutan Menteri Penerangan R. I. pada penutupan up-grading wartawan P. W. I. Djaya, Seksi Ekonomi. (Record no. 87537)
[ view plain ]
| 000 -LEADER | |
|---|---|
| fixed length control field | 00736cam a22002171 4500 |
| 001 - CONTROL NUMBER | |
| control field | sa 68017136 |
| 003 - CONTROL NUMBER IDENTIFIER | |
| control field | DLC |
| 005 - DATE AND TIME OF LATEST TRANSACTION | |
| control field | 20260227112700.0 |
| 008 - FIXED-LENGTH DATA ELEMENTS--GENERAL INFORMATION | |
| fixed length control field | 720830s1967 xx 000 0 ind |
| 010 ## - LIBRARY OF CONGRESS CONTROL NUMBER | |
| LC control number | sa 68017136 |
| 035 ## - SYSTEM CONTROL NUMBER | |
| System control number | (OCoLC)396008 |
| 040 ## - CATALOGING SOURCE | |
| Original cataloging agency | DLC |
| Transcribing agency | OAU |
| Modifying agency | DLC |
| 042 ## - AUTHENTICATION CODE | |
| Authentication code | premarc |
| 050 00 - LIBRARY OF CONGRESS CALL NUMBER | |
| Classification number | HC447 |
| Item number | .D486 |
| 100 1# - MAIN ENTRY--PERSONAL NAME | |
| Personal name | Diah, B. M., |
| Dates associated with a name | 1916- |
| 245 00 - TITLE STATEMENT | |
| Title | Pidato sambutan Menteri Penerangan R. I. pada penutupan up-grading wartawan P. W. I. Djaya, Seksi Ekonomi. |
| Remainder of title | Diselenggarakan pada tanggal 18 Nopember 1967 di Djakarta. |
| 260 ## - PUBLICATION, DISTRIBUTION, ETC. | |
| Place of publication, distribution, etc. | Djakarta, |
| Name of publisher, distributor, etc. | Departemen Penerangan R. I. |
| Date of publication, distribution, etc. | [1967] |
| 300 ## - PHYSICAL DESCRIPTION | |
| Extent | 11 p. |
| Other physical details | port. |
| Dimensions | 21 cm. |
| 500 ## - GENERAL NOTE | |
| General note | "Penerbitan chusus, 468." |
| 651 #0 - SUBJECT ADDED ENTRY--GEOGRAPHIC NAME | |
| Geographic name | Indonesia |
| General subdivision | Economic conditions |
| Chronological subdivision | 1945- |
No items available.